EKG beim Hirntrauma /

Hlavní autor: Köller, Dorothea
Korporativní autor: Bayerische Julius-Maximilians-Universität Würzburg
Jazyk: Němčina
Vydáno: Würzburg : D. Köller, 1980
Fyzický popis: 194 s.
Knihy
Uloženo v:
LEADER 00710nam a22002172a 4500
001 001145106
003 CZ BrMZK
005 20110722102657.0
007 ta
008 110419s1980 gw er|||||||||||ger d
040 |a BOA001  |b cze 
100 1 |a Köller, Dorothea  |4 dis 
245 1 0 |a EKG beim Hirntrauma /  |c Dorothea Köller 
260 |a Würzburg :  |b D. Köller,  |c 1980 
300 |a 194 s. 
502 |a Disertace--Bayerische Julius-Maximilians-Universität Würzburg, 1980 
710 2 |a Bayerische Julius-Maximilians-Universität Würzburg  |7 xx0121109 
910 |a BOA001  |b 2-0836.784 
990 |a BK 
991 |b 201104 
996 7 |b 2619392246  |c 2-0836.784  |l MZK  |r Sklad / do 1 hodiny  |n 0  |w 001177626  |u 000010  |a 1  |e BOA001  |j MZK50  |s A